| 000 | 00370nam a2200145Ia 4500 | ||
|---|---|---|---|
| 008 | 230711s9999||||xx |||||||||||||| ||und|| | ||
| 041 | _aENG | ||
| 082 |
_a621 _bSH-P |
||
| 100 | _aSharma,S.K | ||
| 245 | 0 | _aPrinciples practice and design | |
| 250 | _a1st | ||
| 260 |
_c1985 _aNew Delhi _bTata McGraw Hill Education Limited |
||
| 650 | _aMechanical Engineering | ||
| 942 | _cBK | ||
| 999 |
_c271 _d271 |
||